书目信息 |
| 题名: |
模拟电子技术项目化教程
|
|
| 作者: | 李华 主编 | |
| 分册: | ||
| 出版信息: | 北京 电子工业出版社 2017 |
|
| 页数: | 259页 | |
| 开本: | 26cm | |
| 丛书名: | ||
| 单 册: | ||
| 中图分类: | TN710.4 , TN710 | |
| 科图分类: | ||
| 主题词: | 模拟电路--电子技术--高等职业教育--教材 | |
| 电子资源: | ||
| ISBN: | 978-7-121-30348-7 | |
| 000 | 00926nam0 2200241 450 | |
| 001 | 2333660382 | |
| 005 | 20231129092118.40 | |
| 010 | @a978-7-121-30348-7@dCNY38.00 | |
| 100 | @a20181129d2017 em y0chiy50 ea | |
| 101 | 0 | @achi |
| 102 | @aCN@b110000 | |
| 105 | @aa z 000yy | |
| 200 | 1 | @a模拟电子技术项目化教程@Amo ni dian zi ji shu xiang mu hua jiao cheng@f李华主编 |
| 210 | @a北京@c电子工业出版社@d2017 | |
| 215 | @a259页@c图@d26cm | |
| 300 | @a全国高等职业教育教学改革示范系列规划教材 | |
| 330 | @a本书分六个项目,主要介绍了半导体二极管及其基本应用电路、直流稳压电源电路、半导体三极管及防割断其基本放大电路、多级放大电路与频率特性、集成运算放大器及其应用、信号发生电路、功率放大电路等电路知识。 | |
| 606 | 0 | @a模拟电路@x电子技术@x高等职业教育@j教材 |
| 690 | @aTN710.4@v5 | |
| 690 | @aTN710@v4 | |
| 701 | 0 | @a李华@Ali hua@c(职业教育,@f1979~)@4主编 |
| 801 | 0 | @aCN@b山东中教@c20231126 |
| 905 | @aBZT@dTN710@e31 | |
| 模拟电子技术项目化教程/李华主编.-北京:电子工业出版社,2017 |
| 259页:图;26cm |
| 全国高等职业教育教学改革示范系列规划教材 |
| ISBN 978-7-121-30348-7:CNY38.00 |
| 本书分六个项目,主要介绍了半导体二极管及其基本应用电路、直流稳压电源电路、半导体三极管及防割断其基本放大电路、多级放大电路与频率特性、集成运算放大器及其应用、信号发生电路、功率放大电路等电路知识。 |
| ● |
| 相关链接 |
|
|
|
正题名:模拟电子技术项目化教程
索取号:TN710/31
 
预约/预借
| 序号 | 登录号 | 条形码 | 馆藏地/架位号 | 状态 | 备注 |
| 1 | 2001189194 | 2001189194 | 中教(第二批第二书库)/山东中教(第二批)/1899/ [索取号:TN710/31] | 在馆 | |
| 2 | 2001189195 | 2001189195 | 中教(第二批第二书库)/山东中教(第二批)/1899/ [索取号:TN710/31] | 在馆 | |
| 3 | 2001189196 | 2001189196 | 中教(第二批第二书库)/山东中教(第二批)/1899/ [索取号:TN710/31] | 在馆 | |
| 4 | 2001189197 | 2001189197 | 中教(第二批第二书库)/山东中教(第二批)/1899/ [索取号:TN710/31] | 在馆 | |
| 5 | 2001189198 | 2001189198 | 中教(第二批第二书库)/山东中教(第二批)/1899/ [索取号:TN710/31] | 在馆 | |
| 6 | 2001189199 | 2001189199 | 中教(第二批第二书库)/山东中教(第二批)/1899/ [索取号:TN710/31] | 在馆 | |
| 7 | 2001189200 | 2001189200 | 中教(第二批第二书库)/山东中教(第二批)/1899/ [索取号:TN710/31] | 在馆 | |
| 8 | 2001189201 | 2001189201 | 中教(第二批第二书库)/山东中教(第二批)/1899/ [索取号:TN710/31] | 在馆 | |
| 9 | 2001189202 | 2001189202 | 中教(第二批第二书库)/山东中教(第二批)/1899/ [索取号:TN710/31] | 在馆 | |
| 10 | 2001189203 | 2001189203 | 中教(第二批第二书库)/山东中教(第二批)/1899/ [索取号:TN710/31] | 在馆 | |
| 11 | 2001189204 | 2001189204 | 中教(第二批第二书库)/山东中教(第二批)/1899/ [索取号:TN710/31] | 在馆 | |
| 12 | 2001189205 | 2001189205 | 中教(第二批第二书库)/山东中教(第二批)/1899/ [索取号:TN710/31] | 在馆 | |
| 13 | 2001189206 | 2001189206 | 中教(第二批第二书库)/山东中教(第二批)/1899/ [索取号:TN710/31] | 在馆 | |
| 14 | 2001189207 | 2001189207 | 中教(第二批第二书库)/山东中教(第二批)/1899/ [索取号:TN710/31] | 在馆 | |
| 15 | 2001189208 | 2001189208 | 中教(第二批第二书库)/山东中教(第二批)/1899/ [索取号:TN710/31] | 在馆 | |
| 16 | 2001189209 | 2001189209 | 中教(第二批第二书库)/山东中教(第二批)/1899/ [索取号:TN710/31] | 在馆 | |
| 17 | 2001189210 | 2001189210 | 中教(第二批第二书库)/山东中教(第二批)/1899/ [索取号:TN710/31] | 在馆 | |
| 18 | 2001189211 | 2001189211 | 中教(第二批第二书库)/山东中教(第二批)/1899/ [索取号:TN710/31] | 在馆 | |
| 19 | 2001189212 | 2001189212 | 中教(第二批第二书库)/山东中教(第二批)/1899/ [索取号:TN710/31] | 在馆 | |
| 20 | 2001189213 | 2001189213 | 中教(第二批第二书库)/山东中教(第二批)/1899/ [索取号:TN710/31] | 在馆 | |
| 21 | 2001189214 | 2001189214 | 中教(第二批第二书库)/山东中教(第二批)/1899/ [索取号:TN710/31] | 在馆 | |
| 22 | 2001189215 | 2001189215 | 中教(第二批第二书库)/山东中教(第二批)/1899/ [索取号:TN710/31] | 在馆 | |
| 23 | 2001189216 | 2001189216 | 中教(第二批第二书库)/山东中教(第二批)/1899/ [索取号:TN710/31] | 在馆 | |
| 24 | 2001189217 | 2001189217 | 中教(第二批第二书库)/山东中教(第二批)/1899/ [索取号:TN710/31] | 在馆 | |
| 25 | 2001189218 | 2001189218 | 中教(第二批第二书库)/山东中教(第二批)/1899/ [索取号:TN710/31] | 在馆 | |
| 26 | 2001189219 | 2001189219 | 中教(第二批第二书库)/山东中教(第二批)/1899/ [索取号:TN710/31] | 在馆 | |
| 27 | 2001189220 | 2001189220 | 中教(第二批第二书库)/山东中教(第二批)/1899/ [索取号:TN710/31] | 在馆 | |
| 28 | 2001189221 | 2001189221 | 中教(第二批第二书库)/山东中教(第二批)/1899/ [索取号:TN710/31] | 在馆 | |
| 29 | 2001189222 | 2001189222 | 中教(第二批第二书库)/山东中教(第二批)/1899/ [索取号:TN710/31] | 在馆 | |
| 30 | 2001189223 | 2001189223 | 中教(第二批第二书库)/山东中教(第二批)/1899/ [索取号:TN710/31] | 在馆 |